MARC

LEADER 00000nam0a2200000 4500
001 73248
005 20231101212709.0
035 |a (RuTPU)RU\TPU\book\78143 
090 |a 73248 
100 |a 20050211d1982 km y0rusy50 ca 
101 0 |a rus 
102 |a UA 
105 |a y g 001zy 
200 1 |a Справочник металлурга  |f В. Ф. Пашинский, Д. М. Пархоменко 
205 |a 2-е изд., перераб. и доп. 
210 |a Донецк  |c Донбас  |d 1982 
215 |a 175 с. 
320 |a Библиогр.: с. 173-174. 
606 1 |a Доменное производство  |x Механизация  |x Автоматизация  |2 stltpush  |3 (RuTPU)RU\TPU\subj\9899  |9 37051 
606 1 |a Сталь  |x Металлургия  |2 stltpush  |3 (RuTPU)RU\TPU\subj\56287  |9 74200 
610 1 |a агломерационное производство 
610 1 |a сталеплавильное производство 
610 1 |a доменная плавка 
610 1 |a доменные печи 
610 1 |a безопасность 
610 1 |a топливо 
610 1 |a мартеновские процессы 
610 1 |a огнеупорные изделия 
610 1 |a сырые материалы 
610 1 |a энергетика 
610 1 |a охрана труда 
610 1 |a справочники 
675 |a 669.162(035)  |v 3 
675 |a 669.18(035)  |v 3 
700 1 |a Пашинский  |b В. Ф.  |g Виктор Федорович 
701 1 |a Пархоменко  |b Д. М.  |g Дмитрий Михайлович 
801 1 |a RU  |b 63413507  |c 20050211  |g PSBO 
801 2 |a RU  |b 63413507  |c 20201106  |g PSBO 
942 |c BK